00537nam 2200157 45000010005000001000041000051010008000462000052000542100075001062150029001813000087002106060014002976060019003117000029003308010020003595753 a20190729k u||y0frey50 ba afre aUn pasteur en politiquebBrochurefRené Cruse a[S.l.]c[s.n.]d2003eGenèvegen vente à la Librairie du Boulevard a23 p.ccouv. ill.d21 cm aTranscription d'une conférence donnée au Centre protestant de Cartigny en 1970 aPacifisme aProtestantisme aCrusebRenéf1922-2017 aCHbCH-002049-8